LEADER 01656nam a2200265 u 4500 001 000000010333 003 CaOOAMICUS 005 20070226105315.0 008 940516s1895 enkaef u000 u eng u 035 $a10256453 040 $aBSR$bita 100 1 $aMarriott, H. P. FitzGerald.$0(OLS)http://pul/name/10187 245 10$aFacts about Pompei :$bits masons' marks, town walls, houses, and portraits : illustrated : being a small contribution of notes to the literature on the subject, and a supplement to English authorities : with a complete list of all the masons' marks cut in the stones /$cby H.P. FitzGerald Marriott. 260 $aLondon :$bHazell, Watson, & Viney,$c[1895] 300 $a89 p., [13] leaves of pls. :$bill., plans ;$c29 cm 504 $aContains bibliographical references. 650 0$aInscriptions, Latin$zItaly$zPompeii (Extinct city).$2//eng$0(OLS)http://pul/subject/1855 650 0$aMural painting and decoration$zItaly$zPompeii (Extinct city).$2//eng$0(OLS)http://pul/subject/8243 651 0$aPompei (Extinct city).$0(OLS)http://pul/subject/1447 850 $aPUL 852 $aPUL$W1$xDP1 Fondo Ciprotti$y59$m1548 D 14$j14716$nBK-PRI$b $qFondi$B14716$CPULBib$Z2$F14716 $82 941 1 $a1 961 $aINV: F.CIPROTTI 996 $6245$aFacts about Pompei :$bits masons' marks, town walls, houses, and portraits : illustrated : being a small contribution of notes to the literature on the subject, and a supplement to English authorities : with a complete list of all the masons' marks cut in the stones$9(OLS)http://pul/title/15117 996 $6260$aLondon :$bHazell, Watson, & Viney$9(OLS)http://pul/publisher/52828 LEADER 01147nam a2200289 u 4500 001 000000046924 003 CaOOAMICUS 005 20070226114828.0 008 990723s1998 it u000 u ita u 035 $a10830641 040 $aPUL(R)$bita 100 1 $aRastrelli, Massimo.$0(OLS)http://pul/name/34156 245 10$aUsura :$bper una cultura antidebito /$cMassimo Rastrelli [e] Saverio Gaeta. 260 $aCinisello Balsamo :$bSan Paolo,$cc1998. 300 $a90 p. ;$c21 cm 490 1 $aProblemi sociali d'oggi ;$v2 500 $aContiene indici. 504 $aBibliografia in nota. 650 4$aUsura.$0(OLS)http://pul/subject/3860 700 1 $aGaeta, Saverio,$d1958-$0(OLS)http://pul/name/34157 830 0$aProblemi sociali d'oggi ;$v2.$0(OLS)http://pul/title/63173 850 $aPUL 852 $aPUL$W1$xSL Religione 1$y3$m39 A 40$j62776$nBK-PRI$b $qStampati$B62776$CPULBib$Z2$F62776 $H $81 941 1 $a8 961 $aINV: 78924 996 $6245$aUsura :$bper una cultura antidebito$9(OLS)http://pul/title/63172 996 $6260$aCinisello Balsamo :$bSan Paolo$9(OLS)http://pul/publisher/54577